00877nam a2200217 a 450000100100000000500170001000800410002704000250006808200270009310000310012024500360015125000160018726000740020330000350027750400290031254600140034160000590035591000380041495201900045299900170064200003133820240409073643.0110620t1954 dr ac r 001 0beng d aDO-SdBNPbspacBNPHU a923.17293bT866n, 19541 aNanita, Abelardo R.94585510aTrujillo /cAbelardo R. Nanita. a5a ed. rev. aCiudad Trujillo, República Dominicana :bEditora del Caribe,c1954. a383 p. :bil., retr. ;c22 cm. aBibliografía : p. 385. aInglés.10aTrujillo Molina, Rafael Leónidas,d 1891-1961976764 aValidado. Control de calidad. EMS 001050718RVaPDbPDcHDd2011-06-20iLF1l0o923.17293 T866n, 1954p31338-10r2020-06-25w2020-06-25y1zPerteneció a la biblioteca personal de Germán Emilio Ornes.ZNo se presta c30830d30830